| 000 | 00745nam a2200169Ia 4500 | ||
|---|---|---|---|
| 008 | 220515s9999||||xx |||||||||||||| ||und|| | ||
| 050 | _aART WC 503 .G46 2003 | ||
| 110 | _aNAM | ||
| 245 | 0 | _aGlossary | |
| 250 | _a3rd ed. | ||
| 260 |
_aLondon _bNAM Publications _c2003 |
||
| 300 | _a45p. | ||
| 440 | _aInformation series for hiv-positive people | ||
| 500 | _aThis booklet provides a collection of terms that are used in medical fields in relation to HIV. It provides a brief explanation of what the term means and a guide on how to pronounce the word. The terminologies presented are arranged alphabetically. | ||
| 650 | _aSystematized Nomenclature of Medicine|Terminology|Referral and Consultation|Delivery of Health Care | ||
| 942 |
_2lcc _cBK |
||
| 999 |
_c1401 _d1401 |
||